[Event "EU-Cup 38th"]
[Site "Durres"]
[Date "2023.10.01"]
[Round "1.5"]
[White "Maze, Sebastien"]
[Black "Nelson, Jonathan"]
[Result "1/2-1/2"]
[WhiteElo "2546"]
[BlackElo "2132"]
[PlyCount "146"]
[EventDate "2023.10.01"]
[EventType "team-swiss"]
[EventRounds "7"]
[EventCountry "ALB"]
[SourceTitle "EXT 2024"]
[Source "ChessBase"]
[SourceDate "2023.10.10"]
[SourceVersion "1"]
[SourceVersionDate "2023.10.10"]
[SourceQuality "1"]
[WhiteTeam "Viernheim"]
[BlackTeam "Blackthorne"]
[WhiteTeamCountry "GER"]
[BlackTeamCountry "ENG"]

1. e4 e6 2. d4 d5 3. e5 c5 4. c3 Nc6 5. Nf3 Bd7 6. Be2 Nh6 7. Bxh6 gxh6 8. 0-0 Bg7 9. Na3 0-0 10. Nc2 cxd4 11. cxd4 f6 12. exf6 Qxf6 13. b4 Be8 14. b5 Ne7 15. Ne3 Ng6 16. Bd3 h5 17. Rc1 Qf4 18. a4 h4 19. Be2 Qd6 20. g3 a6 21. Re1 axb5 22. Bxb5 Bxb5 23. axb5 Ra3 24. Ng5 h6 25. Qh5 e5 26. Nf3 Qf6 27. dxe5 Qxf3 28. Ng4 Qf5 29. Qxf5 Rxf5 30. e6 hxg3 31. e7 gxf2+ 32. Nxf2 Nxe7 33. Rxe7 Bd4 34. Rc8+ Rf8 35. Rxf8+ Kxf8 36. Rxb7 Ra2 37. Rd7 Bxf2+ 38. Kh1 Ra7 39. Rxd5 Kg7 40. Kg2 Bb6 41. Kf3 Rf7+ 42. Kg4 Be3 43. Rd3 Bg5 44. Rb3 Kg6 45. b6 h5+ 46. Kg3 Bf4+ 47. Kg2 Rb7 48. Rb5 Bb8 49. h4 Kh6 50. Rb3 Rg7+ 51. Kh3 Rg6 52. b7 Kh7 53. Rd3 Rg7 54. Rb3 Kg8 55. Rd3 Rxb7 56. Rd5 Rb3+ 57. Kg2 Kf7 58. Rxh5 Kg6 59. Rg5+ Kh6 60. Rf5 Rb4 61. Kh3 Rb3+ 62. Kg2 Rg3+ 63. Kf2 Rg7 64. Rg5 Rf7+ 65. Kg2 Bf4 66. Rc5 Rf6 67. Rb5 Rg6+ 68. Kf3 Bd6 69. Rg5 Rf6+ 70. Kg2 Rf4 71. Kh3 Be7 72. Rg4 Rf5 73. Re4 Bf6 1/2-1/2

[Event "GBR-ch Major op 109th"]
[Site "Leicester"]
[Date "2023.07.27"]
[Round "6"]
[White "Patel, Zain"]
[Black "Nelson, Jonathan"]
[Result "1/2-1/2"]
[WhiteElo "1910"]
[BlackElo "2175"]
[PlyCount "67"]
[EventDate "2023.07.22"]
[EventType "swiss"]
[EventRounds "9"]
[EventCountry "ENG"]
[SourceTitle "EXT 2024"]
[Source "ChessBase"]
[SourceDate "2023.10.10"]
[SourceVersion "1"]
[SourceVersionDate "2023.10.10"]
[SourceQuality "1"]

1. d4 Nf6 2. Nf3 d6 3. c4 Nbd7 4. Nc3 e5 5. e4 Be7 6. Be2 0-0 7. 0-0 c6 8. h3 a6 9. a3 Qc7 10. Be3 b6 11. Rc1 Bb7 12. b4 Rfe8 13. Nd2 exd4 14. Bxd4 a5 15. b5 c5 16. Be3 Bf8 17. f4 d5 18. cxd5 Nxd5 19. Nxd5 Bxd5 20. exd5 Rxe3 21. Nc4 Re4 22. Bg4 Rd8 23. Bxd7 Rxd7 24. Ne5 Rd4 25. Qxd4 cxd4 26. Rxc7 Rxc7 27. a4 f6 28. Nc6 Rd7 29. Rd1 Rxd5 30. Kf2 Bc5 31. Ke2 g5 32. fxg5 Rxg5 33. Kf3 Rf5+ 34. Ke4 1/2-1/2

[Event "GBR-ch Major op 109th"]
[Site "Leicester"]
[Date "2023.07.26"]
[Round "5"]
[White "Nelson, Jonathan"]
[Black "Banerjee, Supratit"]
[Result "1-0"]
[WhiteElo "2175"]
[BlackElo "1895"]
[PlyCount "81"]
[EventDate "2023.07.22"]
[EventType "swiss"]
[EventRounds "9"]
[EventCountry "ENG"]
[SourceTitle "EXT 2024"]
[Source "ChessBase"]
[SourceDate "2023.10.10"]
[SourceVersion "1"]
[SourceVersionDate "2023.10.10"]
[SourceQuality "1"]

1. d4 d5 2. Nf3 Nf6 3. e3 e6 4. Bd3 c5 5. b3 Nc6 6. 0-0 Be7 7. Bb2 0-0 8. Nbd2 cxd4 9. exd4 Bd7 10. a3 Re8 11. Ne5 Qc7 12. Qf3 Bd6 13. Rae1 Rad8 14. Qh3 h6 15. f4 Qa5 16. Ndf3 Ne7 17. g4 Ne4 18. Qh5 Rf8 19. Nxd7 Ng6 20. Bc1 Rxd7 21. Bxe4 Nxf4 22. Bxf4 Bxf4 23. Bd3 Qxa3 24. g5 Qe7 25. Ne5 Bxe5 26. Rxe5 Qb4 27. Qh4 h5 28. g6 fxg6 29. Rxf8+ Kxf8 30. Bxg6 Re7 31. Rxh5 Qxd4+ 32. Qxd4 Rc7 33. Rh8+ Ke7 34. Qxg7+ Kd6 35. Rd8+ Kc6 36. Qc3+ Kb6 37. Qb4+ Ka6 38. Bd3+ Rc4 39. bxc4 b6 40. cxd5+ Kb7 41. Qe7# 1-0

[Event "ENG Chessable-ch Seniors 50+"]
[Site "Kenilworth"]
[Date "2022.05.08"]
[Round "7"]
[White "Nelson, Jonathan"]
[Black "Dilley, Jason M"]
[Result "1-0"]
[WhiteElo "2194"]
[BlackElo "2136"]
[PlyCount "93"]
[EventDate "2022.05.04"]
[EventType "swiss"]
[EventRounds "7"]
[EventCountry "ENG"]
[SourceTitle "CBM 208 Extra"]
[Source "ChessBase"]
[SourceDate "2022.07.31"]
[SourceVersion "1"]
[SourceVersionDate "2022.07.31"]
[SourceQuality "1"]

1. e4 c5 2. c3 d6 3. d4 cxd4 4. cxd4 g6 5. Nf3 Bg7 6. Bc4 Nf6 7. Qe2 0-0 8. 0-0 Nc6 9. h3 d5 10. exd5 Nxd5 11. Rd1 Bf5 12. Nc3 Ndb4 13. g4 Bc8 14. a3 Na6 15. Bg5 h6 16. Bh4 g5 17. Bg3 Na5 18. Ba2 b5 19. Nxb5 Qb6 20. b4 Bd7 21. Nc3 Nb7 22. Nd5 Bb5 23. Qe4 Nd6 24. Qe3 Qd8 25. Nxe7+ Kh8 26. Bxd6 Qxd6 27. Nf5 Qf6 28. Nxg7 Kxg7 29. Qe5 Qxe5 30. Nxe5 f6 31. Nc4 h5 32. Ne3 hxg4 33. hxg4 Be2 34. Re1 Bf3 35. Bd5 Bxd5 36. Nxd5 Rad8 37. Ne3 Rf7 38. d5 Nc7 39. d6 Nb5 40. Nf5+ Kf8 41. Re6 Nc3 42. Rc1 Nd5 43. Rc5 Nf4 44. Re7 Re8 45. Rcc7 Rfxe7 46. dxe7+ Kg8 47. Nd6 1-0

[Event "ENG Chessable-ch Seniors 50+"]
[Site "Kenilworth"]
[Date "2022.05.04"]
[Round "1"]
[White "Gibbs, Dominic V"]
[Black "Nelson, Jonathan"]
[Result "1/2-1/2"]
[WhiteElo "1865"]
[BlackElo "2194"]
[PlyCount "45"]
[EventDate "2022.05.04"]
[EventType "swiss"]
[EventRounds "7"]
[EventCountry "ENG"]
[SourceTitle "CBM 208 Extra"]
[Source "ChessBase"]
[SourceDate "2022.07.31"]
[SourceVersion "1"]
[SourceVersionDate "2022.07.31"]
[SourceQuality "1"]

1. e4 d6 2. f4 Nf6 3. Nc3 e5 4. Nf3 Nc6 5. Bb5 Be7 6. d3 0-0 7. 0-0 exf4 8. Bxc6 bxc6 9. Bxf4 d5 10. Qe2 d4 11. Na4 c5 12. b3 c4 13. Nb2 c3 14. Nc4 c5 15. Nfe5 Bb7 16. Ng4 Ne8 17. Rf2 f6 18. h3 a5 19. a4 Ra6 20. Raf1 Bc8 21. Nh2 Be6 22. Nf3 Bf7 23. Bh2 1/2-1/2

[Event "BCF-chT 2122 (4NCL)"]
[Site "England"]
[Date "2022.05.01"]
[Round "8.77"]
[White "Merriman, James"]
[Black "Nelson, Jonathan"]
[Result "1/2-1/2"]
[WhiteElo "1861"]
[BlackElo "2194"]
[PlyCount "81"]
[EventDate "2021.11.27"]
[EventType "team-swiss"]
[EventRounds "11"]
[EventCountry "ENG"]
[SourceTitle "EXT 2023"]
[Source "ChessBase"]
[SourceDate "2022.10.05"]
[SourceVersion "1"]
[SourceVersionDate "2022.10.05"]
[SourceQuality "1"]
[WhiteTeam "KJCA Kings"]
[BlackTeam "Blackthorne Russia"]
[WhiteTeamCountry "ENG"]
[BlackTeamCountry "ENG"]

1. d4 d6 2. c4 Nd7 3. Nc3 e5 4. e4 Ngf6 5. Nge2 Be7 6. g3 0-0 7. Bg2 c6 8. 0-0 a6 9. a4 a5 10. h3 exd4 11. Nxd4 Nc5 12. b3 Re8 13. Re1 Bf8 14. Bb2 g6 15. Qc2 Bg7 16. Rad1 Qb6 17. Kh1 Bd7 18. Bc1 Rad8 19. Be3 Bc8 20. Rd2 Qc7 21. f4 Qe7 22. Bf2 Nh5 23. Kh2 Qf8 24. Bf3 Nf6 25. Rde2 Na6 26. Na2 Nd7 27. Qd2 Ndc5 28. Nc1 Nb4 29. Nc2 f5 30. exf5 Rxe2 31. Rxe2 Nxc2 32. Qxc2 Qxf5 33. Qxf5 Bxf5 34. g4 Bc8 35. Bh4 Rf8 36. Be7 Rxf4 37. Bxd6 Rxf3 38. Bxc5 Rc3 39. Re8+ Kf7 40. Rxc8 Kf6 41. Re8 1/2-1/2

[Event "EUR-chT Seniors 50"]
[Site "Mali Losinj"]
[Date "2019.09.19"]
[Round "2.2"]
[White "Kurajica, Bojan"]
[Black "Nelson, Jonathan"]
[Result "1/2-1/2"]
[WhiteElo "2493"]
[BlackElo "2183"]
[PlyCount "98"]
[EventDate "2019.09.18"]
[EventType "team-swiss"]
[EventRounds "9"]
[EventCountry "CRO"]
[SourceTitle "EXT 2020"]
[Source "ChessBase"]
[SourceDate "2019.10.17"]
[SourceVersion "1"]
[SourceVersionDate "2019.10.17"]
[SourceQuality "1"]
[WhiteTeam "Croatia 50"]
[BlackTeam "England 50"]
[WhiteTeamCountry "CRO"]
[BlackTeamCountry "ENG"]

1. Nf3 d6 2. d4 Bg4 3. e4 Nf6 4. h3 Bh5 5. Nc3 e6 6. Qe2 c6 7. g4 Bg6 8. g5 Nfd7 9. Nh4 e5 10. d5 Be7 11. Rg1 Nb6 12. a4 a5 13. Be3 Na6 14. Nf5 Bxf5 15. exf5 Nb4 16. Bxb6 Qxb6 17. 0-0-0 0-0-0 18. Rg4 h5 19. Rg2 Kb8 20. Kb1 Rc8 21. f6 gxf6 22. gxf6 Bxf6 23. Qf3 Rh6 24. dxc6 e4 25. Qe3 Qxe3 26. fxe3 Bxc3 27. cxb7 Kxb7 28. bxc3 Rxc3 29. Rf2 Rc7 30. Bb5 Rg6 31. h4 Rg3 32. Re2 Rg6 33. Kb2 Rc5 34. Rf2 f5 35. Be8 Rg3 36. Rxd6 Rxe3 37. Bxh5 Rec3 38. Bd1 e3 39. Rg2 f4 40. Rf6 R3c4 41. h5 Rc7 42. h6 e2 43. Rxe2 Nd5 44. Rd6 Nc3 45. Re1 Nxd1+ 46. Rexd1 Rxc2+ 47. Kb1 Rh2 48. Rf6 f3 49. Rf1 Rh7 1/2-1/2

[Event "EUR-chT Seniors 50"]
[Site "Mali Losinj"]
[Date "2019.09.18"]
[Round "1.5"]
[White "Nelson, Jonathan"]
[Black "Ruiz Bellon, Manuel"]
[Result "1-0"]
[WhiteElo "2183"]
[BlackElo "1973"]
[PlyCount "51"]
[EventDate "2019.09.18"]
[EventType "team-swiss"]
[EventRounds "9"]
[EventCountry "CRO"]
[SourceTitle "EXT 2020"]
[Source "ChessBase"]
[SourceDate "2019.10.17"]
[SourceVersion "1"]
[SourceVersionDate "2019.10.17"]
[SourceQuality "1"]
[WhiteTeam "England 50"]
[BlackTeam "Spain 50"]
[WhiteTeamCountry "ENG"]
[BlackTeamCountry "ESP"]

1. d4 Nf6 2. Nf3 e6 3. Bg5 c5 4. e3 h6 5. Bh4 Nc6 6. Nbd2 d5 7. c3 cxd4 8. exd4 Be7 9. Bd3 0-0 10. Ne5 Nxe5 11. dxe5 Nd7 12. Bg3 d4 13. cxd4 Qb6 14. Nc4 Bb4+ 15. Ke2 Qc6 16. Qb3 a5 17. a3 Be7 18. Ne3 f5 19. Nxf5 Bg5 20. h4 a4 21. Qa2 Bd8 22. Rac1 Qxg2 23. Qxe6+ Kh8 24. Qg6 Rxf5 25. Qxf5 Nf6 26. Rxc8 1-0

[Event "BCF-ch Seniors 50"]
[Site "Hull"]
[Date "2018.08.04"]
[Round "7"]
[White "Brooks, Phil J"]
[Black "Nelson, Jonathan"]
[Result "0-1"]
[WhiteElo "2187"]
[BlackElo "2178"]
[PlyCount "104"]
[EventDate "2018.07.29"]
[EventType "swiss"]
[EventRounds "7"]
[EventCountry "ENG"]
[SourceTitle "CBM 185 Extra"]
[Source "ChessBase"]
[SourceDate "2018.07.29"]
[SourceVersion "1"]
[SourceVersionDate "2018.07.29"]
[SourceQuality "1"]

1. d4 d6 2. c4 Nf6 3. Nc3 g6 4. e4 Bg7 5. h3 0-0 6. Be3 e5 7. d5 a5 8. g4 Na6 9. Qd2 Nc5 10. f3 Nfd7 11. h4 f5 12. gxf5 gxf5 13. 0-0-0 f4 14. Bf2 Nb6 15. Qe2 Qe7 16. Bh3 c6 17. Kb1 Nbd7 18. Qf1 Nf6 19. Nge2 cxd5 20. cxd5 a4 21. Rg1 a3 22. b3 Bd7 23. Bxd7 Qxd7 24. Nc1 Rfc8 25. Qe1 Qh3 26. Bxc5 Rxc5 27. Na4 Rxa4 28. bxa4 Qxf3 29. Nb3 Rc8 30. Rc1 Rxc1+ 31. Qxc1 Qxe4+ 32. Ka1 Qf5 33. Qc7 Ng4 34. Qd8+ Kf7 35. Qc7+ Kg6 36. Qxd6+ Bf6 37. Qe6 e4+ 38. Kb1 e3+ 39. Kc1 Qxe6 40. dxe6 h5 41. Rf1 e2 42. Rh1 f3 43. Kd2 Be7 44. Nd4 Bb4+ 45. Kc2 e1Q 46. Rxe1 Bxe1 47. Nxf3 Bf2 48. Kd3 Kf6 49. Ng5 Bxh4 50. Ne4+ Kxe6 51. Nc5+ Kd5 52. Nxb7 Bf2 0-1

[Event "ENG Counties-chT final"]
[Site "Warwick"]
[Date "2018.07.07"]
[Round "1.5"]
[White "Lund, D Brett"]
[Black "Nelson, Jonathan"]
[Result "1/2-1/2"]
[WhiteElo "2230"]
[BlackElo "2179"]
[PlyCount "44"]
[EventDate "2018.07.07"]
[EventType "team-match"]
[EventRounds "1"]
[EventCountry "ENG"]
[SourceTitle "EXT 2019"]
[Source "ChessBase"]
[SourceDate "2018.10.10"]
[SourceVersion "1"]
[SourceVersionDate "2018.10.10"]
[SourceQuality "1"]
[WhiteTeam "Lancashire"]
[BlackTeam "Yorkshire"]
[WhiteTeamCountry "ENG"]
[BlackTeamCountry "ENG"]

1. c4 e5 2. g3 d6 3. Bg2 f5 4. Nc3 c6 5. d4 Be7 6. e4 Nf6 7. dxe5 dxe5 8. Qxd8+ Bxd8 9. Nf3 0-0 10. 0-0 Nxe4 11. Nxe4 fxe4 12. Ng5 Bb6 13. Be3 Na6 14. a3 Bg4 15. Nxe4 Be2 16. Rfc1 Bxe3 17. fxe3 Rad8 18. b4 Nc7 19. Ra2 Bxc4 20. Rf2 Rxf2 21. Kxf2 Bd5 22. Nc5 Rf8+ 1/2-1/2

[Event "BCF-chT1a 1617 (4NCL)"]
[Site "England"]
[Date "2017.03.04"]
[Round "7.47"]
[White "Walton, Alan J"]
[Black "Nelson, Jonathan"]
[Result "1/2-1/2"]
[WhiteElo "2191"]
[BlackElo "2185"]
[PlyCount "30"]
[EventDate "2016.11.19"]
[EventType "team-tourn"]
[EventRounds "7"]
[EventCountry "ENG"]
[SourceTitle "EXT 2018"]
[Source "ChessBase"]
[SourceDate "2017.10.13"]
[SourceVersion "1"]
[SourceVersionDate "2017.10.13"]
[SourceQuality "1"]
[WhiteTeam "3CS Oldham"]
[BlackTeam "Blackthorne Russia"]
[WhiteTeamCountry "ENG"]
[BlackTeamCountry "ENG"]

1. d4 Nf6 2. Bg5 d5 3. e3 c5 4. c3 Nc6 5. Nf3 e6 6. Bd3 h6 7. Bf4 Bd6 8. Bxd6 Qxd6 9. Nbd2 0-0 10. 0-0 e5 11. dxe5 Nxe5 12. Nxe5 Qxe5 13. Re1 Bf5 14. Nf3 Qe6 15. Qc2 Be4 1/2-1/2

[Event "BCF-chT1a 1617 (4NCL)"]
[Site "England"]
[Date "2016.11.20"]
[Round "2.16"]
[White "Kirk, Ezra"]
[Black "Nelson, Jonathan"]
[Result "1/2-1/2"]
[WhiteElo "2345"]
[BlackElo "2185"]
[PlyCount "79"]
[EventDate "2016.11.19"]
[EventType "team-tourn"]
[EventRounds "7"]
[EventCountry "ENG"]
[SourceTitle "CBM 175 Extra"]
[Source "ChessBase"]
[SourceDate "2016.12.12"]
[SourceVersion "1"]
[SourceVersionDate "2016.12.12"]
[SourceQuality "1"]
[WhiteTeam "Cheddleton"]
[BlackTeam "Blackthorne Russia"]
[WhiteTeamCountry "ENG"]
[BlackTeamCountry "ENG"]

1. d4 g6 2. c4 Bg7 3. Nc3 d6 4. Nf3 e5 5. dxe5 dxe5 6. Qxd8+ Kxd8 7. Bd2 Be6 8. 0-0-0 Nd7 9. Ne4 Ke8 10. e3 h6 11. Bb4 Ngf6 12. Nc3 Bf8 13. Bxf8 Kxf8 14. Be2 Ke7 15. Rd2 Rhd8 16. Rhd1 Ne8 17. Nd5+ Bxd5 18. Rxd5 c6 19. Ra5 b6 20. Ra3 Nd6 21. Nd2 e4 22. f3 f5 23. b4 a5 24. c5 Nb5 25. Bxb5 cxb5 26. fxe4 axb4 27. Rxa8 Rxa8 28. c6 Rc8 29. exf5 Rxc6+ 30. Kb2 gxf5 31. Nf3 Rc3 32. Nd4 Ne5 33. Nxf5+ Kf6 34. e4 Nc4+ 35. Kb1 Na3+ 36. Ka1 Rc2 37. Ne3 Re2 38. Nd5+ Ke5 39. Nxb4 Rxg2 40. h3 1/2-1/2

[Event "BCF-chT1a 1617 (4NCL)"]
[Site "England"]
[Date "2016.11.19"]
[Round "1.27"]
[White "James, David J"]
[Black "Nelson, Jonathan"]
[Result "1/2-1/2"]
[WhiteElo "2134"]
[BlackElo "2185"]
[PlyCount "67"]
[EventDate "2016.11.19"]
[EventType "team-tourn"]
[EventRounds "7"]
[EventCountry "ENG"]
[SourceTitle "CBM 175 Extra"]
[Source "ChessBase"]
[SourceDate "2016.12.12"]
[SourceVersion "1"]
[SourceVersionDate "2016.12.12"]
[SourceQuality "1"]
[WhiteTeam "South Wales Dragons"]
[BlackTeam "Blackthorne Russia"]
[WhiteTeamCountry "ENG"]
[BlackTeamCountry "ENG"]

1. d4 g6 2. Nf3 Bg7 3. g3 d6 4. Bg2 e5 5. Nc3 Nd7 6. 0-0 Ngf6 7. e4 0-0 8. h3 a5 9. Be3 b6 10. Qd2 Bb7 11. d5 Ba6 12. Rfe1 b5 13. Nh2 Nb6 14. b3 b4 15. Ne2 Nbd7 16. Nc1 Nc5 17. Bg5 Qd7 18. Nd3 Bxd3 19. cxd3 a4 20. Qc2 Ra5 21. Bd2 Rfa8 22. Rad1 axb3 23. axb3 Qb5 24. Bf1 Ra2 25. Qb1 Qa5 26. Be3 Nfd7 27. Nf3 Qa3 28. Nd2 Rb2 29. Qc1 Ra2 30. Qc4 Ra5 31. Rb1 Nb6 32. Qc1 Qxc1 33. Rexc1 Nbd7 34. Nc4 1/2-1/2

[Event "GBR-ch 103rd"]
[Site "Bournemouth"]
[Date "2016.07.27"]
[Round "3"]
[White "Nelson, Jonathan"]
[Black "Arkell, Keith C"]
[Result "0-1"]
[WhiteElo "2207"]
[BlackElo "2455"]
[PlyCount "102"]
[EventDate "2016.07.25"]
[EventType "swiss"]
[EventRounds "11"]
[EventCountry "ENG"]
[SourceTitle "CBM 173 Extra"]
[Source "ChessBase"]
[SourceDate "2016.08.29"]
[SourceVersion "1"]
[SourceVersionDate "2016.08.29"]
[SourceQuality "1"]

1. e4 c5 2. c3 d6 3. d4 Nf6 4. Bd3 Nc6 5. d5 Ne5 6. Be2 e6 7. f4 Ned7 8. dxe6 fxe6 9. e5 dxe5 10. Nf3 Qc7 11. 0-0 e4 12. Ng5 Qc6 13. Na3 a6 14. Nc4 Be7 15. Ne5 Qd5 16. Bc4 Qxd1 17. Rxd1 Nxe5 18. fxe5 Nd5 19. Nxe4 Bd7 20. Bxd5 exd5 21. Rxd5 Bc6 22. Nd6+ Kd7 23. Rd1 Ke6 24. Be3 b6 25. b4 cxb4 26. cxb4 Rab8 27. Bf2 Rhf8 28. Bg3 Bg5 29. Rf1 Be3+ 30. Kh1 b5 31. Rad1 Rbd8 32. h3 Bd5 33. a3 g5 34. Kh2 h5 35. h4 Bf4 36. hxg5 Bxg5 37. Kh3 Be7 38. Bf4 h4 39. Bh2 Rg8 40. Rd2 Rdf8 41. Rfd1 Ba8 42. Re1 Bxg2+ 43. Rxg2 Rf3+ 44. Bg3 Rfxg3+ 45. Rxg3 Rxg3+ 46. Kh2 Bxd6 47. exd6+ Kxd6 48. Re4 Rxa3 49. Rxh4 Kd5 50. Kg2 Re3 51. Kf2 Re4 0-1

[Event "Ortisei Server24 op 3rd"]
[Site "Ortisei"]
[Date "2016.06.07"]
[Round "5"]
[White "Blohberger, Felix"]
[Black "Nelson, Jonathan"]
[Result "1/2-1/2"]
[WhiteElo "2300"]
[BlackElo "2183"]
[PlyCount "73"]
[EventDate "2016.06.04"]
[EventType "swiss"]
[EventRounds "9"]
[EventCountry "ITA"]
[SourceTitle "CBM 172 Extra"]
[Source "ChessBase"]
[SourceDate "2016.06.21"]
[SourceVersion "1"]
[SourceVersionDate "2016.06.21"]
[SourceQuality "1"]

1. d4 Nf6 2. c4 d6 3. Nf3 Nbd7 4. Nc3 e5 5. g3 Be7 6. Bg2 c6 7. 0-0 e4 8. Nd2 d5 9. cxd5 cxd5 10. f3 exf3 11. Nxf3 0-0 12. Qd3 Nb6 13. a4 Be6 14. Ne5 Rc8 15. Bf4 Nc4 16. Nxc4 Rxc4 17. b3 Rc8 18. Rfc1 Qa5 19. Qb5 Qb4 20. Qxb4 Bxb4 21. Nb5 Rxc1+ 22. Rxc1 a6 23. Nc7 Rc8 24. Nxe6 Rxc1+ 25. Bxc1 fxe6 26. Kf1 Bc3 27. e3 e5 28. dxe5 Bxe5 29. Ke2 b6 30. Kd3 Kf7 31. Ba3 g5 32. Bb4 Ke6 33. a5 bxa5 34. Bxa5 h5 35. Bd8 g4 36. b4 Bd6 37. Bxf6 1/2-1/2

[Event "Ortisei Server24 op 3rd"]
[Site "Ortisei"]
[Date "2016.06.04"]
[Round "1"]
[White "Sprenger, Jan Michael"]
[Black "Nelson, Jonathan"]
[Result "1-0"]
[WhiteElo "2506"]
[BlackElo "2183"]
[PlyCount "127"]
[EventDate "2016.06.04"]
[EventType "swiss"]
[EventRounds "9"]
[EventCountry "ITA"]
[SourceTitle "CBM 172 Extra"]
[Source "ChessBase"]
[SourceDate "2016.06.21"]
[SourceVersion "1"]
[SourceVersionDate "2016.06.21"]
[SourceQuality "1"]

1. e4 e6 2. d4 d5 3. Nd2 Nf6 4. e5 Nfd7 5. Bd3 c5 6. c3 Nc6 7. Ne2 Qb6 8. Nf3 cxd4 9. cxd4 f6 10. exf6 Nxf6 11. 0-0 Bd6 12. b3 0-0 13. Bb2 Nb4 14. Bb1 Bd7 15. Re1 Rac8 16. Nc3 g6 17. a3 Nc6 18. Na4 Qc7 19. Ne5 Bxe5 20. dxe5 Nh5 21. Nc5 Na5 22. Nxd7 Qxd7 23. Bd3 Qf7 24. Bd4 b6 25. Ra2 Nc6 26. Ba1 Nf4 27. Bf1 Qf5 28. f3 Na5 29. b4 Nc4 30. Bd4 Rf7 31. Kh1 Qg5 32. g3 Nh5 33. Bh3 Ng7 34. f4 Qh6 35. Qg4 Nf5 36. Bf2 Qf8 37. Qe2 Ng7 38. Bg2 Rfc7 39. Rd1 Qf5 40. h4 Qf8 41. Kh2 Kh8 42. Qd3 Qf5 43. a4 Qf8 44. Rb1 Nf5 45. Bh3 Ng7 46. Kg2 Qf7 47. Bg4 Nf5 48. a5 bxa5 49. bxa5 Rb7 50. Rxb7 Qxb7 51. a6 Qa8 52. h5 Rc6 53. hxg6 hxg6 54. Bf3 Qc8 55. g4 Nce3+ 56. Bxe3 Rc3 57. Qb5 Nh4+ 58. Kf2 Nxf3 59. Qb7 Qc4 60. Qb8+ Kh7 61. Qxa7+ Kg8 62. Rb2 Rc2+ 63. Rxc2 Qxc2+ 64. Kxf3 1-0

[Event "BCF-chT1c 1516 (4NCL) Promotion pool"]
[Site "England"]
[Date "2016.05.01"]
[Round "10.138"]
[White "Nelson, Jonathan"]
[Black "Lauterbach, Ingrid"]
[Result "1-0"]
[WhiteElo "2180"]
[BlackElo "2077"]
[PlyCount "125"]
[EventDate "2015.11.14"]
[EventType "team-tourn"]
[EventRounds "4"]
[EventCountry "ENG"]
[SourceTitle "EXT 2017"]
[Source "ChessBase"]
[SourceDate "2016.10.25"]
[SourceVersion "1"]
[SourceVersionDate "2016.10.25"]
[SourceQuality "1"]
[WhiteTeam "Blackthorne Russia"]
[BlackTeam "Barbican"]
[WhiteTeamCountry "ENG"]
[BlackTeamCountry "ENG"]

1. e4 c5 2. Nf3 e6 3. b3 Nc6 4. Bb2 d6 5. Bb5 Bd7 6. 0-0 a6 7. Bxc6 Bxc6 8. d4 Bxe4 9. Re1 Bxf3 10. Qxf3 d5 11. c4 Nf6 12. Nc3 cxd4 13. Nxd5 Bc5 14. Rad1 Nxd5 15. cxd5 0-0 16. Bxd4 Bxd4 17. Rxd4 exd5 18. Rxd5 Qc7 19. g3 Rad8 20. Red1 Rxd5 21. Qxd5 g6 22. Kg2 Rc8 23. Qd7 Qc6+ 24. Qxc6 Rxc6 25. Rd7 b6 26. Rb7 Rc2 27. a4 Rc6 28. b4 a5 29. bxa5 bxa5 30. Rb5 Ra6 31. h4 h5 32. Kf3 Kf8 33. Ke4 Ke7 34. f4 Re6+ 35. Kd4 Rd6+ 36. Ke4 Re6+ 37. Kf3 Ra6 38. g4 hxg4+ 39. Kxg4 Kf6 40. Rc5 Ra8 41. f5 gxf5+ 42. Rxf5+ Kg7 43. h5 Ra6 44. Rc5 Ra7 45. Kf4 Ra6 46. Ke4 Kf6 47. Rf5+ Ke6 48. Rg5 Kf6 49. Kf4 Ra8 50. Kg4 Ke6 51. h6 f6 52. Rg7 Rc8 53. h7 Rc4+ 54. Kh3 Rc1 55. Kh2 Rc2+ 56. Rg2 Rc8 57. Rg8 Rc2+ 58. Kg1 Ra2 59. h8Q Rxa4 60. Qh3+ Ke5 61. Re8+ Kd6 62. Qe6+ Kc5 63. Rc8+ 1-0

[Event "EU-Cup 31st"]
[Site "Skopje"]
[Date "2015.10.20"]
[Round "3.5"]
[White "Van Wessel, Rudy"]
[Black "Nelson, Jonathan"]
[Result "1-0"]
[WhiteElo "2398"]
[BlackElo "2194"]
[PlyCount "73"]
[EventDate "2015.10.18"]
[EventType "team-swiss"]
[EventRounds "7"]
[EventCountry "MKD"]
[SourceTitle "CBM 169"]
[Source "ChessBase"]
[SourceDate "2015.11.10"]
[SourceVersion "1"]
[SourceVersionDate "2015.11.10"]
[SourceQuality "1"]
[WhiteTeam "Leiden LSG"]
[BlackTeam "Blackthorne Russia"]
[WhiteTeamCountry "NED"]
[BlackTeamCountry "ENG"]

1. d4 Nf6 2. c4 g6 3. Nc3 Bg7 4. e4 d6 5. Bd3 0-0 6. Nge2 e5 7. d5 Nh5 8. 0-0 Na6 9. a3 Nc5 10. Bc2 f5 11. exf5 gxf5 12. f4 Qh4 13. Be3 Bd7 14. Qd2 Rae8 15. g3 Qh3 16. Rf2 exf4 17. Nxf4 Nxf4 18. Rxf4 Bh6 19. Raf1 Bxf4 20. Bxf4 Ne4 21. Bxe4 fxe4 22. Qe3 Bf5 23. Qxa7 Bg4 24. Qe3 Bf3 25. Rf2 Rf5 26. Nb5 Ref8 27. Nd4 Rxf4 28. gxf4 Qg4+ 29. Kf1 Rxf4 30. Ke1 Qg1+ 31. Kd2 Qd1+ 32. Kc3 Rf7 33. Ne6 Qg1 34. Kb4 c5+ 35. dxc6 bxc6 36. Rxf3 c5+ 37. Ka5 1-0

[Event "Warwick County-ch"]
[Site "Warwick"]
[Date "2015.07.04"]
[Round "1.5"]
[White "Snape, Ian L"]
[Black "Nelson, Jonathan"]
[Result "1-0"]
[WhiteElo "2174"]
[BlackElo "2194"]
[PlyCount "111"]
[EventDate "2015.07.04"]
[EventType "team-match"]
[EventRounds "1"]
[EventCountry "ENG"]
[SourceTitle "CBM 167 Extra"]
[Source "ChessBase"]
[SourceDate "2015.09.14"]
[SourceVersion "1"]
[SourceVersionDate "2015.09.14"]
[SourceQuality "1"]
[WhiteTeam "Kent"]
[BlackTeam "Yorkshire"]
[WhiteTeamCountry "ENG"]
[BlackTeamCountry "ENG"]

1. d4 Nf6 2. c4 g6 3. Nc3 Bg7 4. e4 d6 5. Nf3 0-0 6. Be2 e5 7. 0-0 Nc6 8. d5 Ne7 9. Ne1 Nd7 10. Be3 f5 11. f3 f4 12. Bf2 g5 13. a4 a6 14. a5 Nf6 15. c5 Ng6 16. Nd3 h5 17. cxd6 cxd6 18. Bb6 Qd7 19. b4 g4 20. b5 g3 21. hxg3 fxg3 22. f4 Nxf4 23. Nxf4 exf4 24. Rxf4 Bh6 25. Rf3 Qg7 26. Qd3 Bg4 27. Rxg3 h4 28. Bxg4 hxg3 29. Be6+ Kh8 30. Bd4 Qg5 31. Ne2 Bg7 32. Nxg3 Ng4 33. Nf5 Bxd4+ 34. Qxd4+ Kh7 35. Qc3 Ne5 36. Ra3 Rxf5 37. Bxf5+ Kg8 38. Qh3 Qc1+ 39. Kh2 Qf4+ 40. Rg3+ Kf8 41. Qh8+ Ke7 42. Qxa8 Nf3+ 43. gxf3 Qd2+ 44. Kh3 Qh6+ 45. Kg2 Qd2+ 46. Kh1 Qd1+ 47. Rg1 Qxf3+ 48. Rg2 Qf1+ 49. Kh2 Qf4+ 50. Kh3 Qf3+ 51. Kh4 Qxg2 52. Qc8 Qh2+ 53. Kg5 Qg3+ 54. Bg4 Qe3+ 55. Kh5 Qg3 56. Qe6+ 1-0